| 000 | 00000nam##2200000za#4500 |
| 001 | 9.633703 |
| 003 | CaOODSP |
| 005 | 20250128101644 |
| 007 | cr ||||||||||| |
| 008 | 150407|2007||||xxc|||||o f|0| 0 fre|d |
| 020 | |a978-0-662-73491-8 |
| 040 | |aCaOODSP|bfre |
| 043 | |an-cn--- |
| 086 | 1 |aSF31-88/2007F-PDF |
| 110 | 1 |aCanada. |bBureau du Commissaire aux langues officielles. |
| 245 | 10|aVérification - mise en Ĺ“uvre de l'article 41 de la partie VII de la Loi sur les langues officielles au Conseil de la radio-diffusion et des télécommunications canadiennes |h[ressource électronique] |
| 260 | |aOttawa - Ontario : |bCommissariat aux langues officielles |cFévrier 2007. |
| 300 | |a30p.|btableaux |
| 500 | |aLe n° de catalogue (SF31-88/2007) et l'ISBN (978-0-662-49838-4) de l'édition imprimée bilingue ont été incorrectement copiés dans la version PDF. |
| 590 | |a12-41-Supp|b2012-11-07 |
| 691 | 07|aLangue officielle|2gcpds |
| 775 | 08|tAudit - implementation of Section 41 of Part VII of the Official Languages Act at the Canadian Radio-television and Telecommunications Commission |w(CaOODSP)9.689285 |
| 856 | 40|ahttp://publications.gc.ca|qPDF|s614 Ko|uhttps://publications.gc.ca/collections/collection_2012/clo-ocol/SF31-88-2007-fra.pdf |
| 986 | |aOCOL-CLO IE009-02-2007 |